<?xml version="1.0" encoding="UTF-8"?>
<record
    xmlns:xsi="http://www.w3.org/2001/XMLSchema-instance"
    xsi:schemaLocation="http://www.loc.gov/MARC21/slim http://www.loc.gov/standards/marcxml/schema/MARC21slim.xsd"
    xmlns="http://www.loc.gov/MARC21/slim">

  <leader>01131cam a2200265 a 4500</leader>
  <controlfield tag="001">51660</controlfield>
  <controlfield tag="003">BD-RjUL</controlfield>
  <controlfield tag="005">20211209075709.0</controlfield>
  <controlfield tag="008">160831s19669999enkar    r    0   a0eng  </controlfield>
  <datafield tag="035" ind1=" " ind2=" ">
    <subfield code="a"> BD-RjUL51780</subfield>
  </datafield>
  <datafield tag="040" ind1=" " ind2=" ">
    <subfield code="a">DLC</subfield>
    <subfield code="c">DLC</subfield>
    <subfield code="d">NSDP</subfield>
    <subfield code="d">OCoLC</subfield>
    <subfield code="d">NST</subfield>
    <subfield code="d">MH</subfield>
    <subfield code="d">NST</subfield>
    <subfield code="d">OCoLC</subfield>
    <subfield code="d">CaQQL</subfield>
    <subfield code="d">OCoLC</subfield>
    <subfield code="b">eng</subfield>
  </datafield>
  <datafield tag="041" ind1=" " ind2=" ">
    <subfield code="a">eng</subfield>
  </datafield>
  <datafield tag="082" ind1=" " ind2="4">
    <subfield code="a">378.10570941</subfield>
    <subfield code="b">COM 1966 </subfield>
  </datafield>
  <datafield tag="110" ind1="2" ind2=" ">
    <subfield code="a">Committee of Vice-Chancellors and Principals of the Universities of the United Kingdom.</subfield>
    <subfield code="9">143134</subfield>
  </datafield>
  <datafield tag="245" ind1="1" ind2="2">
    <subfield code="a">A compendium of university entrance requirements for first degree courses in the United Kingdom in 1967-68 </subfield>
  </datafield>
  <datafield tag="260" ind1=" " ind2=" ">
    <subfield code="a">London :</subfield>
    <subfield code="b">Association of Commonwealth Universities,</subfield>
    <subfield code="c">1966 </subfield>
  </datafield>
  <datafield tag="300" ind1=" " ind2=" ">
    <subfield code="a">235 p. : </subfield>
    <subfield code="b">ill. ; </subfield>
    <subfield code="c">29 cm.</subfield>
  </datafield>
  <datafield tag="650" ind1=" " ind2="0">
    <subfield code="a">Universities and colleges</subfield>
    <subfield code="z">Great Britain</subfield>
    <subfield code="x">Entrance requirements</subfield>
    <subfield code="v">Directories.</subfield>
    <subfield code="9">154435</subfield>
  </datafield>
  <datafield tag="650" ind1=" " ind2="6">
    <subfield code="a">Universit&#xE9;s</subfield>
    <subfield code="z">Grande-Bretagne</subfield>
    <subfield code="x">Conditions d'admission</subfield>
    <subfield code="v">R&#xE9;pertoires.</subfield>
    <subfield code="9">154436</subfield>
  </datafield>
  <datafield tag="710" ind1="2" ind2=" ">
    <subfield code="a">Association of Commonwealth Universities.</subfield>
    <subfield code="9">152507</subfield>
  </datafield>
  <datafield tag="785" ind1="0" ind2="0">
    <subfield code="t">University entrance</subfield>
    <subfield code="w">(DLC)sn 87044994</subfield>
    <subfield code="w">(OCoLC)16156126</subfield>
  </datafield>
  <datafield tag="942" ind1=" " ind2=" ">
    <subfield code="2">ddc</subfield>
    <subfield code="c">BK</subfield>
  </datafield>
  <datafield tag="999" ind1=" " ind2=" ">
    <subfield code="c">51660</subfield>
    <subfield code="d">51660</subfield>
  </datafield>
  <datafield tag="952" ind1=" " ind2=" ">
    <subfield code="0">0</subfield>
    <subfield code="1">0</subfield>
    <subfield code="2">ddc</subfield>
    <subfield code="4">0</subfield>
    <subfield code="7">0</subfield>
    <subfield code="8">NFIC</subfield>
    <subfield code="a">RUCL</subfield>
    <subfield code="b">RUCL</subfield>
    <subfield code="c">Stack</subfield>
    <subfield code="d">1968-04-03</subfield>
    <subfield code="l">0</subfield>
    <subfield code="o">378.10570941 COC 1966</subfield>
    <subfield code="r">2016-09-01 00:00:00</subfield>
    <subfield code="t">C-2</subfield>
    <subfield code="w">2021-12-09</subfield>
    <subfield code="y">BK</subfield>
  </datafield>
</record>
